US census regions and divisions - Statistics

General Stats
  • This quiz has been taken 105 times
  • The average score is 8 of 13
Answer Stats
Answer States contained % Correct
Midwest
99%
South
97%
West
93%
New England Connecticut, Maine, Massachusetts, New Hampshire, Rhode Island, Vermont
87%
Northeast
84%
Pacific Alaska, California, Hawaii, Oregon, Washington
83%
Mid-Atlantic New Jersey, New York, Pennsylvania
71%
Mountain Arizona, Colorado, Idaho, Montana, Nevada, New Mexico, Utah, Wyoming
64%
South Atlantic Delaware, DC, Florida, Georgia, Maryland, North Carolina, South Carolina, Virginia, West Virginia
35%
East North Central Illinois, Indiana, Michigan, Ohio, Wisconsin
29%
West North Central Iowa, Kansas, Minnesota, Missouri, Nebraska, North Dakota, South Dakota
28%
East South Central Alabama, Kentucky, Mississippi, Tennessee
25%
West South Central Arkansas, Louisiana, Oklahoma, Texas
24%
No matching quizzes found
Score Distribution
Percent of People with Each Score
Percentile by Number Answered
Your Score History
You have not taken this quiz